| 000 | 00459nam a2200169Ia 4500 | ||
|---|---|---|---|
| 008 | 221030s9999 xx 000 0 und d | ||
| 020 | _a8121900956 | ||
| 041 | _aEnglish | ||
| 082 |
_a105.23 _bInd |
||
| 100 | _aC. S. Indulkar | ||
| 245 | 3 |
_aAn Introduction to Electrical Engineering Materials _cby C. S. Indulkar, S. Thiruvengadam |
|
| 260 |
_bS.Chand & Co. _aNew Delhi _c2000 |
||
| 300 | _a468 | ||
| 650 | _aEE | ||
| 700 | _aS. Thiruvengadam | ||
| 942 | _cBK | ||
| 999 |
_c2973 _d2973 |
||